000
00285nam a22001217a 4500
008
171220b xxu||||| |||| 00| 0 eng d
041
_a
eng
080
_a
611.085
100
_a
9
101
_a
HIS
245
_a
HISTOLOGICAL TUPING OF TESTIS TUMOURS
_c
MOSTOFI,F,K
942
_2
udc
_c
BK
999
_c
39246
_d
39246